000 00638nam a2200241Ia 4500
003 OSt
005 20221005130644.0
006 a|||||r|||| 00| 0
007 ta
008 221004b |||||||| |||| 00| 0 fre d
024 _a62179
037 _cTextual
040 _aCRL
_cCRL
_bfre
041 _2fre
_afre
082 _aO122,3M28, 33J7
100 _aBaliga B.D. Madhaw Au.
_9638433
245 0 _aSagarad adiyalli
260 _c1957
650 _a FRENCH LITERATURE
_913614
650 _aFRENCH FICTION
_9155413
942 _hO122,3M28, 33J7
_cTEXL
_2cc
999 _c1057922
_d1057922